UK Parliamentary Constituencies in England's South East Quiz Stats

 Plays Quiz not verified by Sporcle

Score 0/84 Timer 10:00
0 Plays Today
Current Member of Parliament Constituency % Correct
- vacant -Brighton Pavilion
87%
- vacant -Dover
81.8%
- vacant -Portsmouth North
81.8%
- vacant -Maidenhead
79.2%
- vacant -Portsmouth South
79.2%
- vacant -Woking
79.2%
- vacant -Basingstoke
77.9%
- vacant -Canterbury
77.9%
- vacant -Sevenoaks
77.9%
- vacant -Buckingham
77.9%
- vacant -Witney
75.3%
- vacant -Brighton Kemptown
74%
- vacant -Hove
74%
- vacant -Slough
74%
- vacant -Ashford
72.7%
- vacant -Guildford
72.7%
- vacant -Mid Sussex
72.7%
- vacant -North Thanet
72.7%
- vacant -South Thanet
72.7%
- vacant -Surrey Heath
72.7%
- vacant -Tunbridge Wells
72.7%
- vacant -Aldershot
71.4%
- vacant -Southampton Itchen
71.4%
- vacant -Wokingham
71.4%
- vacant -Oxford East
71.4%
- vacant -Southampton Test
71.4%
- vacant -Epsom & Ewell
70.1%
- vacant -Windsor
70.1%
Current Member of Parliament Constituency % Correct
- vacant -Crawley
67.5%
- vacant -Reading West
67.5%
- vacant -Reigate
67.5%
- vacant -Reading East
66.2%
- vacant -Dartford
64.9%
- vacant -Oxford West & Abingdon
64.9%
- vacant -Wantage
64.9%
- vacant -Eastbourne
63.6%
- vacant -Eastleigh
63.6%
- vacant -Gosport
63.6%
- vacant -Havant
63.6%
- vacant -Winchester
63.6%
- vacant -Banbury
62.3%
- vacant -Newbury
62.3%
- vacant -Spelthorne
61%
- vacant -Isle of Wight
59.7%
- vacant -Rochester & Strood
59.7%
- vacant -Aylesbury
58.4%
- vacant -Milton Keynes North
58.4%
- vacant -Milton Keynes South
58.4%
- vacant -New Forest East
58.4%
- vacant -New Forest West
58.4%
- vacant -South West Surrey
58.4%
- vacant -Wycombe
58.4%
- vacant -East Hampshire
57.1%
- vacant -Maidstone & The Weald
57.1%
- vacant -Bracknell
55.8%
- vacant -East Surrey
55.8%
Current Member of Parliament Constituency % Correct
- vacant -Hastings & Rye
55.8%
- vacant -Worthing West
55.8%
- vacant -Chichester
54.5%
- vacant -Folkestone & Hythe
54.5%
- vacant -Henley
54.5%
- vacant -Lewes
53.2%
- vacant -North West Hampshire
53.2%
- vacant -North East Hampshire
51.9%
- vacant -Beaconsfield
50.6%
- vacant -Esher & Walton
50.6%
- vacant -Mole Valley
50.6%
- vacant -Gravesham
49.4%
- vacant -Horsham
49.4%
- vacant -Sittingbourne & Sheppey
49.4%
- vacant -Fareham
46.8%
- vacant -Tonbridge & Malling
46.8%
- vacant -Wealden
46.8%
- vacant -Chesham & Amersham
45.5%
- vacant -Meon Valley
45.5%
- vacant -Runnymede & Weybridge
45.5%
- vacant -Arundel & South Downs
44.2%
- vacant -Bexhill & Battle
44.2%
- vacant -Bognor Regis & Littlehampton
44.2%
- vacant -Romsey & Southampton North
44.2%
- vacant -Chatham & Aylesford
42.9%
- vacant -Faversham & Mid Kent
42.9%
- vacant -Gillingham & Rainham
37.7%
- vacant -East Worthing & Shoreham
32.5%

You're not logged in!

Compare scores with friends on all Sporcle quizzes.
OR
Log In

You Might Also Like...

Show Comments

Extras

Top Quizzes Today


Score Distribution

Your Account Isn't Verified!

In order to create a playlist on Sporcle, you need to verify the email address you used during registration. Go to your Sporcle Settings to finish the process.

Report this User

Report this user for behavior that violates our Community Guidelines.

Details: